000 00378nam a2200145 i 4500
001 bg
100 1 _aAVDEEVA, Aleksandra Vasil'evna
245 0 _aKorozja w przemyśle spożywczym i jej zapobieganie /
_cA.V. Avdeeva.
260 _aWarszawa,
_c1975.
040 _cBPK
041 _apol
080 _a663/664:620.19
942 _cKS
008 s pl f |000 0 pol
999 _c16453
_d16453